000 00710nam a2200241Ia 4500
003 OSt
005 20220918180807.0
006 a|||||r|||| 00| 0
007 ta
008 220917b |||||||| |||| 00| 0 eng d
024 _a24,180
037 _cTextual
040 _aARTS
_cARTS
_beng
041 _2eng
_aeng
082 _aO111:gL, L7
100 _aGoldstein Laurence
_957121
245 0 _aRuins and empire
_b the evolution of a theme in Augustan and romantic literature
260 _aPittsburgh
_bUniv Of Pittsburgh Press
_c1977
300 _axiv,274p. illus
_ccm.
650 _aENGLISH LITERATURE
942 _hO111:gL, L7
_cTEXL
_2CC
999 _c163160
_d163160